| 000 | 01136nam a2200289 i 4500 | ||
|---|---|---|---|
| 003 | EG-GICUC | ||
| 005 | 20260211124052.0 | ||
| 008 | 260211r1910 -us||||fq|||| 001 0 eng d | ||
| 040 |
_aEG-GiCUC _beng _cEG-GiCUC _dEG-GiCUC _erda |
||
| 041 | 0 | _aeng | |
| 082 | 0 | 4 |
_221 _a341.851 _bRA . I |
| 092 | 0 | 4 | _221 |
| 099 | _aLaw1 12 341.851 RA . I 1910 | ||
| 100 | 1 |
_aRalston, Jackson H _eAuthor. |
|
| 245 | 1 | 0 |
_aInternational Arbitral Law And Procedure / _bBeing A Resume Of The Procedure And Practice Of International Commissions, And Includ-ing The Views Of Arbitrators Upon Questions Arising Under The Law Of Nations / _cBy Jackson H. Ralston. |
| 264 | 3 |
_a Boston : _bPublished For The International School Of Peace Ginn And Company, _c1910. |
|
| 300 |
_a352 pages. _c24 cm |
||
| 336 |
_2rda content _atext |
||
| 337 |
_2rda media _aComputer |
||
| 338 |
_2rda carrier _aOnline Resource |
||
| 504 | _aIncludes bibliographical references and index. | ||
| 546 | _aText in English | ||
| 650 | 1 | 4 | _aPrivate international law |
| 856 | 4 | 0 | _uhttps://fll.law.cu.edu.eg/fulltext/bks/B12-01732.pdf |
| 905 | _a48 | ||
| 942 |
_2ddc _cBK _e21 _n0 |
||
| 999 |
_c62579 _d62579 |
||